000 00296nam a22001337a 4500
008 170922b xxu||||| |||| 00| 0 eng d
020 _a9780395830543
041 _aeng
080 _28TH
_a37
100 _a46
101 _aEDU
245 _aBECOMING A MASTER STUDENT
_cELLIS,D
942 _2udc
_cBK
999 _c29189
_d29189